| 000 | 00959cam a22002655a 4500 | ||
|---|---|---|---|
| 001 | 18119051 | ||
| 005 | 20201128023636.0 | ||
| 008 | 140417t2014 gw a frb 000 0 eng d | ||
| 020 | _a9783642545566 | ||
| 040 |
_aDLC _beng _cDLC _dDLC _dEG-ScBUE |
||
| 041 | 1 |
_aeng _hger |
|
| 082 | 0 | 4 |
_222 _a658.3111 _bTRO |
| 100 | 1 |
_aTrost, Armin, _939389 _d1966- |
|
| 245 | 1 | 0 |
_aTalent relationship management : _bcompetitive recruiting strategies in times of talent shortage / _cArmin Trost ; translated by Emily Plank. |
| 260 |
_aHeidelberg : _bSpringer, _cc.2014. |
||
| 300 |
_aviii, 155 p. : _bill. ; _c25 cm. |
||
| 490 | 0 | _aManagement for professionals. | |
| 504 | _aIncludes bibliographical references. | ||
| 546 | _aText in English ; translated from original Germany. | ||
| 650 | 7 |
_2BUEsh _9994 _aPersonnel management. |
|
| 650 | 7 |
_938983 _aEmployees _xRecruiting. _2BUEsh |
|
| 653 |
_bBUSADM _cFebruary2016 |
||
| 700 | 1 |
_aPlank, Emily, _etranslator. |
|
| 942 | _2ddc | ||
| 999 |
_c21195 _d21167 |
||